| 000 | 00816nam a2200253 i 4500 | ||
|---|---|---|---|
| 001 | 000016916 | ||
| 003 | DO-SdBNP | ||
| 005 | 20230727151750.0 | ||
| 007 | ta | ||
| 008 | 100312s1979 dr 000 0 spa d | ||
| 040 |
_aDO-SdBNP _bspa _cBNPHU _erda |
||
| 082 | 4 | _222 | |
| 245 | 0 | 0 |
_aManual de etiqueta social y normas protocolares / _ccompiladora, Rebeca Galán de Vicioso; prólogo Horacio Vicioso Soto |
| 264 |
_aSanto Domingo : _bAlfa y Omega, _c1979 |
||
| 300 |
_a132 páginas ; _c28 cm. |
||
| 336 |
_2rdacontent _atexto _btxt |
||
| 337 |
_2rdamedia _asin mediación _bn |
||
| 338 |
_2rdacarrier _avolumen _bnc |
||
| 590 | _aInventariado, 2019/BT | ||
| 700 | 1 |
_aGalán Vicioso, Rebeca de, _937414 _ecompiladora |
|
| 700 | 1 |
_aVicioso Soto, Horacio, _eprólogo _923658 |
|
| 910 | _aBTavárez | ||
| 942 |
_2ddc _cLBS1 |
||
| 999 |
_c16448 _d16448 |
||